|
|
|
|
| LEADER |
00692nam a22002051a 4500 |
| 001 |
c000099074 |
| 003 |
CARM |
| 005 |
00000000000000.0 |
| 008 |
921026s1965 enk 00011 eng d |
| 019 |
1 |
|
|a 9455263
|5 LACONCORD2021
|
| 035 |
|
|
|a (OCoLC)13368647
|5 LACONCORD2021
|
| 040 |
|
|
|d VlINC
|
| 100 |
1 |
|
|a Godden, Jon,
|d 1906-1984.
|
| 245 |
1 |
0 |
|a In the sun.
|
| 260 |
|
|
|a London :
|b Chatto & Windus,
|c 1965.
|
| 300 |
|
|
|a 222 p. ; 20 cm.
|
| 852 |
8 |
|
|b CARM
|h A2:AI35G0
|i A00547
|p 0100876
|f BK
|
| 082 |
0 |
4 |
|a 823.914
|2 20
|
| 999 |
f |
f |
|i 4a2dc388-f1ed-5de4-ba9e-1727fda114da
|s b8c47ae7-7c34-519e-859c-92ae1e4b879c
|
| 952 |
f |
f |
|p Can circulate
|a CAVAL
|b CAVAL
|c CAVAL
|d CARM 1 Store
|e A00547
|f A2:AI35G0
|h Other scheme
|i book
|m 0100876
|